Diesel electric plants: a practical text on the characteristics, installation, maintenance, and operation of diesel-driven generators, including voltage regulators, frequency (Record no. 1779)

000 -LEADER
fixed length control field 00564nam a22001577a 4500
008 - FIXED-LENGTH DATA ELEMENTS--GENERAL INFORMATION
fixed length control field 200203b ||||| |||| 00| 0 eng d
082 00 - DEWEY DECIMAL CLASSIFICATION NUMBER
Classification number 621.436
Item number K1958
100 ## - MAIN ENTRY--PERSONAL NAME
9 (RLIN) 853
Personal name Kates, Edgar J.
245 10 - TITLE STATEMENT
Title Diesel electric plants: a practical text on the characteristics, installation, maintenance, and operation of diesel-driven generators, including voltage regulators, frequency
250 ## - EDITION STATEMENT
Edition statement 2nd
260 ## - PUBLICATION, DISTRIBUTION, ETC. (IMPRINT)
Place of publication, distribution, etc Chicago
Name of publisher, distributor, etc American Technical Society
Date of publication, distribution, etc 1948
300 ## - PHYSICAL DESCRIPTION
Extent 272p.
365 ## - TRADE PRICE
Unit of pricing 20.10
650 #0 - SUBJECT ADDED ENTRY--TOPICAL TERM
Topical term or geographic name as entry element Electrical Engineering
942 ## - ADDED ENTRY ELEMENTS (KOHA)
Item type Books
Holdings
Withdrawn status Lost status Source of classification or shelving scheme Damaged status Not for loan Permanent location Current location Date acquired Source of acquisition Full call number Barcode Date last seen Koha item type
          IMU Kolkata IMU Kolkata 1953-02-25 A. H. Wheeler 621.436 K1958 01503 2020-02-03 Books
Designed and Maintained by IMU-KC Library, Kolkata Campus © Copyright All Rights Reserved

webs counters

Powered by Koha